000 01705nam0a2200349 4500
001 RU\NLR\BIBL_A\022516349
005 20260420042805.0
010 _a978-5-7681-1715-3
_9500
021 _aRU
_bКН-П-25-008063
_9КН-П-25-0796
035 _a(NLR Aleph) 022516349
090 _a13671505
_c13671505
100 _a20250408d2024 k y0rusy50 ca
101 0 _arus
102 _aRU
105 _aa z 000yy
181 0 _ai
_baxxe
182 0 _an
200 1 _aСовременные интерактивные технологии обучения как инструмент повышения качества высшего образования
_eмонография
_fВ. И. Томаков, Р. А. Томакова, М. В. Томаков
_gМинобрнауки России, Юго-Западный государственный университет
203 _aТекст
_bвизуальный
_cнепосредственный
210 _aКурск
_cЮЗГУ
_d2024
215 _a227 с.
_cил.
_d20
320 _aБиблиогр.: с. 215–227 (103 назв.)
320 _aДругие тр. авт. в библиогр.
606 1 _aВысшие учебные заведения
_xПреподавание
_xИнтерактивные методы
_92590187
_3RU\NLR\AUTH\661530749
686 1 _aЧ481.25
700 1 _aТомаков
_bВ. И.
_gВладимир Иванович
701 1 _aТомакова
_bР. А.
_gРимма Александровна
701 1 _aТомаков
_bМ. В.
_gМаксим Владимирович
942 _cBOOK
980 _aNB